Loading...
| Fine Arts - Classical Music | 0 | 6 | 0 | 1 | 60 | 41 | 95.50 | 0 | 1 | 17.31 | 32.72 |
| Literature - World/Other | 0 | 6 | 0 | 1 | 60 | 75 | 112.17 | 0 | 1 | 13.66 | 24.19 |
| Mythology | 0 | 6 | 0 | 2 | 60 | 30 | 102.67 | 1 | 1 | 14.12 | 25.92 |
| Science - Physics | 0 | 6 | 0 | 0 | 60 | 31 | 58.83 | 2 | 5 | 30.21 | 48.94 |
| History - World | 0 | 5 | 0 | 2 | 50 | 35 | 81.20 | 0 | 2 | 17.73 | 27.89 |
| Fine Arts - Visual | 0 | 5 | 0 | 0 | 50 | 32 | 65.00 | 2 | 5 | 25.15 | 45.00 |
| History - American | 0 | 5 | 1 | 1 | 45 | 90 | 105.00 | 1 | 2 | 8.10 | 28.01 |
| History - European | 0 | 5 | 1 | 2 | 45 | 53 | 92.20 | 1 | 1 | 13.60 | 25.39 |
| Literature - British | 0 | 4 | 0 | 0 | 40 | 68 | 94.25 | 0 | 1 | 11.86 | 24.94 |
| Science - Other | 0 | 3 | 0 | 1 | 30 | 61 | 91.00 | 0 | 1 | 7.25 | 14.75 |
| History - Other | 0 | 3 | 0 | 1 | 30 | 61 | 86.67 | 0 | 1 | 8.19 | 17.25 |
| Religion | 0 | 3 | 0 | 1 | 30 | 33 | 93.00 | 1 | 1 | 9.15 | 18.36 |
| Fine Arts - Other | 0 | 3 | 0 | 0 | 30 | 61 | 78.33 | 1 | 3 | 12.28 | 24.27 |
| Literature - American | 0 | 2 | 0 | 0 | 20 | 62 | 90.50 | 0 | 1 | 7.52 | 13.00 |
| Philosophy | 0 | 2 | 0 | 2 | 20 | 118 | 119.00 | 0 | 0 | -0.18 | 3.91 |
| Science - Chemistry | 0 | 2 | 0 | 0 | 20 | 108 | 113.00 | 0 | 1 | 1.78 | 12.00 |
| Literature - European | 0 | 3 | 2 | 0 | 20 | 102 | 123.67 | 0 | 1 | 4.37 | 15.00 |
| Geography/Current Events | 0 | 1 | 0 | 0 | 10 | 59 | 59.00 | 0 | 1 | 8.67 | 15.00 |
| Pop Culture | 0 | 1 | 0 | 0 | 10 | 59 | 59.00 | 1 | 1 | 19.48 | 33.33 |
| Other Academic | 0 | 0 | 1 | 0 | -5 | 0.00 | 0 | 0 | 0.00 | 0.00 |